[Event "CHI-chT"]
[Site "Chile"]
[Date "2023.11.08"]
[Round "4.1"]
[White "Riquelme Cifuentes, Esteban"]
[Black "Barriga Silva, Felipe"]
[Result "0-1"]
[WhiteElo "1699"]
[BlackElo "2244"]
[PlyCount "80"]
[EventDate "2023.11.07"]
[EventType "team-tourn"]
[EventRounds "7"]
[EventCountry "CHI"]
[SourceTitle "CB46_2023"]
[SourceDate "2023.11.15"]
[SourceVersion "1"]
[SourceVersionDate "2023.11.15"]
[SourceQuality "1"]
[WhiteTeam "UACH"]
[BlackTeam "UCH"]
[WhiteTeamCountry "CHI"]
[BlackTeamCountry "CHI"]

1. d4 Nf6 2. c4 e6 3. Nf3 b6 4. g3 Ba6 5. b3 Bb4+ 6. Nbd2 0-0 7. Bg2 c5 8. 0-0 d5 9. dxc5 bxc5 10. Bb2 Nbd7 11. Rc1 Rc8 12. Ng5 h6 13. Ngf3 Bb7 14. e3 Qe7 15. Qe2 Rfd8 16. Rfd1 Ba6 17. h3 e5 18. e4 Bxd2 19. Nxd2 d4 20. Nf3 Bb7 21. Ne1 a5 22. Nd3 a4 23. Re1 Bc6 24. f4 axb3 25. axb3 Rb8 26. f5 Rxb3 27. g4 Nh7 28. Rc2 Qh4 29. Bc1 Qg3 30. Rd1 Ra8 31. Ne1 Ng5 32. Rd3 Nxh3+ 33. Kf1 Rxd3 34. Qxd3 Qxd3+ 35. Nxd3 Ng5 36. Bxg5 hxg5 37. Ke2 Kf8 38. Bf3 Ke7 39. Rb2 Kd6 40. Nf2 Ra3 0-1

[Event "Temuco op 1st"]
[Site "Temuco"]
[Date "2023.10.09"]
[Round "6"]
[White "Barriga Silva, Felipe"]
[Black "Flores, Diego"]
[Result "0-1"]
[WhiteElo "2234"]
[BlackElo "2537"]
[PlyCount "64"]
[EventDate "2023.10.06"]
[EventType "swiss"]
[EventRounds "7"]
[EventCountry "CHI"]
[SourceTitle "Mega2024 Update 01"]
[Source "Chessbase"]
[SourceDate "2023.11.12"]
[SourceVersion "1"]
[SourceVersionDate "2023.11.12"]
[SourceQuality "1"]

1. e4 c5 2. Nc3 Nc6 3. g3 g6 4. d3 Bg7 5. Be3 d6 6. Bg2 e5 7. Qd2 Nge7 8. Bh6 0-0 9. h4 Bxh6 10. Qxh6 f6 11. 0-0-0 Rb8 12. f4 Kh8 13. fxe5 dxe5 14. Rf1 Rf7 15. Nf3 Qf8 16. Qe3 Nd4 17. h5 g5 18. h6 Be6 19. Nd2 b5 20. Nd5 Bxd5 21. exd5 Nef5 22. Qf2 Nxg3 23. c3 Nde2+ 24. Kc2 Nxf1 25. Bxf1 Nf4 26. Ne4 Nxd5 27. Nxc5 b4 28. c4 Nf4 29. Ne4 Rd7 30. Kb1 Qe7 31. Bh3 Rxd3 32. Bf5 b3 0-1

[Event "CHI-ch"]
[Site "Santiago de Chile"]
[Date "2023.02.15"]
[Round "6"]
[White "Gomez Barrera, Javiera Belen"]
[Black "Barriga Silva, Felipe"]
[Result "1-0"]
[WhiteElo "2194"]
[BlackElo "2183"]
[PlyCount "105"]
[EventDate "2023.02.11"]
[EventType "tourn"]
[EventRounds "11"]
[EventCountry "CHI"]
[SourceTitle "CBM 212 Extra"]
[Source "ChessBase"]
[SourceDate "2023.03.31"]
[SourceVersion "1"]
[SourceVersionDate "2023.03.31"]
[SourceQuality "1"]

1. e4 c5 2. Nf3 d6 3. d4 cxd4 4. Nxd4 Nf6 5. Nc3 g6 6. Be3 Bg7 7. f3 0-0 8. Qd2 Nc6 9. 0-0-0 Nxd4 10. Bxd4 Be6 11. Kb1 a6 12. h4 b5 13. g4 b4 14. Nd5 Bxd5 15. exd5 Qa5 16. Bc4 Rfc8 17. Bb3 Qb5 18. Qd3 Qxd3 19. cxd3 Nd7 20. Be3 Nc5 21. Bc4 a5 22. Rhe1 Kf8 23. Rd2 a4 24. Rde2 Ra7 25. Bg5 Rcc7 26. Bf4 Bf6 27. g5 Bd4 28. h5 gxh5 29. Rh1 Nd7 30. Rxh5 Ne5 31. Bxe5 Bxe5 32. Rxh7 a3 33. b3 Ra5 34. Re4 Kg8 35. Rh1 Bb2 36. d4 Ra8 37. Reh4 Rac8 38. R4h3 Bxd4 39. Rh5 Kf8 40. Ba6 Ra8 41. Rh8+ Bxh8 42. Rxh8+ Kg7 43. Rxa8 Rc3 44. Re8 Rxf3 45. Rxe7 Rf5 46. g6 Rxd5 47. gxf7 Rd2 48. Re2 Rd1+ 49. Kc2 Ra1 50. Kd3 d5 51. Kd4 Kxf7 52. Kxd5 Rc1 53. Bc4 1-0

[Event "CHI-ch sf"]
[Site "Villa Alemana"]
[Date "2023.01.21"]
[Round "8"]
[White "Barriga Silva, Felipe"]
[Black "Chavez Dinamarca, Bastian"]
[Result "1-0"]
[WhiteElo "2175"]
[BlackElo "1944"]
[PlyCount "201"]
[EventDate "2023.01.18"]
[EventType "swiss"]
[EventRounds "8"]
[EventCountry "CHI"]
[SourceTitle "CBM 212 Extra"]
[Source "ChessBase"]
[SourceDate "2023.03.31"]
[SourceVersion "1"]
[SourceVersionDate "2023.03.31"]
[SourceQuality "1"]

1. e4 c5 2. Nc3 a6 3. g3 b5 4. Bg2 Bb7 5. Nge2 e6 6. d4 b4 7. Na4 cxd4 8. Nxd4 Nf6 9. Qd3 d6 10. 0-0 Nbd7 11. Qe2 Qc7 12. b3 Be7 13. a3 a5 14. c4 bxc3 15. Nb5 Qb8 16. Naxc3 0-0 17. a4 Nc5 18. Rb1 Rc8 19. Rd1 Na6 20. Bf4 e5 21. Bg5 Nb4 22. Rbc1 Ra6 23. Bh3 Rd8 24. Bxf6 Bxf6 25. Nd5 Bxd5 26. exd5 Rb6 27. Qd2 g6 28. Rc4 Rxb5 29. axb5 Qxb5 30. Rc7 Qb6 31. Rc4 Re8 32. Bg2 Kg7 33. Rdc1 Qb5 34. h4 h5 35. Bf1 Qb6 36. Bg2 Qb5 37. Kh2 Qb6 38. Rf1 Re7 39. Qe2 Rc7 40. Rfc1 Rxc4 41. Rxc4 Qb5 42. Qd2 Na6 43. Rc6 Be7 44. Kg1 Nc5 45. Rc7 Nxb3 46. Qc3 Nd4 47. Qc4 Qb1+ 48. Qf1 Qxf1+ 49. Bxf1 Kf6 50. Rc8 Nb3 51. Ra8 Nc5 52. Rxa5 Kg7 53. Ra7 Bd8 54. Kg2 Bb6 55. Ra8 Kf6 56. Bb5 Ne4 57. f3 Nc5 58. Re8 Ba5 59. g4 hxg4 60. fxg4 Bd2 61. Be2 Bf4 62. g5+ Kg7 63. Bf3 Nb3 64. Kh3 Nd4 65. Be4 Nb3 66. Kg4 Nc5 67. Kf3 Nxe4 68. Kxe4 Bd2 69. Rd8 Bb4 70. Kf3 Ba3 71. Ke4 Bb4 72. Rc8 Ba3 73. Kd3 e4+ 74. Kxe4 Bb2 75. Re8 Ba3 76. Kf4 Bc1+ 77. Kg4 Bb2 78. h5 gxh5+ 79. Kxh5 Bc1 80. Kg4 Bd2 81. Kf5 Bc3 82. Re7 Kf8 83. Re3 Bd4 84. Re4 Bb2 85. g6 fxg6+ 86. Kxg6 Bc3 87. Kf5 Kf7 88. Rc4 Ba5 89. Ra4 Bb6 90. Rb4 Bc5 91. Rb7+ Ke8 92. Ke6 Kd8 93. Rb8+ Kc7 94. Rg8 Bb4 95. Ke7 Ba3 96. Rg3 Bb4 97. Rg4 Bc5 98. Rc4 Kb6 99. Kd7 Kb5 100. Rc1 Kb4 101. Kc6 1-0

[Event "CHI-ch sf"]
[Site "Villa Alemana"]
[Date "2023.01.19"]
[Round "3"]
[White "Barriga Silva, Felipe"]
[Black "Castro Salgado, Pablo Alonso"]
[Result "0-1"]
[WhiteElo "2175"]
[BlackElo "2029"]
[PlyCount "67"]
[EventDate "2023.01.18"]
[EventType "swiss"]
[EventRounds "8"]
[EventCountry "CHI"]
[SourceTitle "CBM 212 Extra"]
[Source "ChessBase"]
[SourceDate "2023.03.31"]
[SourceVersion "1"]
[SourceVersionDate "2023.03.31"]
[SourceQuality "1"]

1. e4 e5 2. Nf3 Nc6 3. Bc4 Bc5 4. c3 Nf6 5. d4 exd4 6. b4 Be7 7. e5 Ne4 8. Bd5 Nxc3 9. Nxc3 dxc3 10. b5 Nb4 11. Bb3 c6 12. a3 Nd5 13. 0-0 0-0 14. Nd4 Bc5 15. Kh1 Bxd4 16. Qxd4 Qb6 17. Qd3 d6 18. exd6 Be6 19. f4 f5 20. a4 Rfe8 21. Bc4 Rad8 22. a5 Qc5 23. Ba3 Qe3 24. h3 Qxd3 25. Bxd3 Ne3 26. Rf2 Bc4 27. bxc6 bxc6 28. Bxc4+ Nxc4 29. Rc2 Nxa3 30. Rxa3 Re3 31. Raxc3 Rxc3 32. Rxc3 Rxd6 33. Rb3 Rd7 34. g4 0-1

[Event "Neuquen Las Balsas op"]
[Site "Neuquen"]
[Date "2022.06.20"]
[Round "7"]
[White "Barriga Silva, Felipe"]
[Black "Paveto, Kevin"]
[Result "0-1"]
[WhiteElo "2178"]
[BlackElo "2450"]
[PlyCount "132"]
[EventDate "2022.06.17"]
[EventType "swiss"]
[EventRounds "7"]
[EventCountry "ARG"]
[SourceTitle "CBM 208 Extra"]
[Source "ChessBase"]
[SourceDate "2022.07.31"]
[SourceVersion "1"]
[SourceVersionDate "2022.07.31"]
[SourceQuality "1"]

1. e4 e5 2. Nf3 Nc6 3. Bb5 a6 4. Ba4 Nf6 5. 0-0 b5 6. Bb3 Bb7 7. d3 Be7 8. Nc3 d6 9. a4 b4 10. Ne2 0-0 11. Ng3 Na5 12. Ba2 c5 13. Nf5 Bc8 14. Nxe7+ Qxe7 15. Bg5 Be6 16. Bxe6 fxe6 17. Nh4 h6 18. Be3 Kh7 19. g3 g5 20. Ng2 Nc6 21. c3 Rab8 22. h3 Rb7 23. d4 bxc3 24. bxc3 cxd4 25. cxd4 exd4 26. Bxd4 e5 27. Bc3 Qe6 28. Kh2 Nxe4 29. Qd3 Qg6 30. Qxa6 Rc7 31. Qb6 Rfc8 32. Rac1 Nc5 33. Qb5 Rb7 34. Qc4 Ne7 35. Rcd1 Rc6 36. Rfe1 Nb3 37. Qd3 Qxd3 38. Rxd3 e4 39. Rxe4 Nc5 40. Rxe7+ Rxe7 41. Rf3 Nxa4 42. Bd4 Rc4 43. Ba1 Nc5 44. Ne3 Ra4 45. Nd5 Rb7 46. Bc3 Ne4 47. Nf6+ Nxf6 48. Rxf6 Rc4 49. Bd2 Rd7 50. h4 Rc2 51. Be3 d5 52. hxg5 hxg5 53. Bxg5 d4 54. Kg2 Kg7 55. Ra6 d3 56. Ra1 Kg6 57. Be3 Kf5 58. Kf3 Ke5 59. Rd1 Rf7+ 60. Kg2 Ke4 61. Bf4 Re2 62. Ra1 Rd7 63. Rd1 d2 64. Bg5 Rd3 65. Bf4 Rf3 66. Rf1 Rfxf2+ 0-1

[Event "Neuquen Las Balsas op"]
[Site "Neuquen"]
[Date "2022.06.19"]
[Round "5"]
[White "Barriga Silva, Felipe"]
[Black "Spata, German"]
[Result "1/2-1/2"]
[WhiteElo "2178"]
[BlackElo "2329"]
[PlyCount "176"]
[EventDate "2022.06.17"]
[EventType "swiss"]
[EventRounds "7"]
[EventCountry "ARG"]
[SourceTitle "CBM 208 Extra"]
[Source "ChessBase"]
[SourceDate "2022.07.31"]
[SourceVersion "1"]
[SourceVersionDate "2022.07.31"]
[SourceQuality "1"]

1. e4 c5 2. Nc3 e6 3. Nf3 Nc6 4. d4 cxd4 5. Nxd4 Qc7 6. g3 Nf6 7. Bg2 Nxd4 8. Qxd4 Bc5 9. Bf4 d6 10. Qd2 Bb4 11. 0-0 e5 12. Bg5 Bxc3 13. bxc3 Be6 14. Rfd1 Ke7 15. f4 Rhd8 16. Rf1 exf4 17. Rxf4 Qc5+ 18. Rf2 Ke8 19. Be3 Qh5 20. Rf4 Kf8 21. Raf1 Ne8 22. g4 Qa5 23. Bd4 Kg8 24. g5 Nc7 25. Qf2 Rd7 26. Qh4 Nb5 27. Bxg7 Kxg7 28. Qh6+ Kg8 29. Rh4 Qxc3 30. Qxh7+ Kf8 31. a4 Rc8 32. Qh6+ Ke7 33. axb5 Rg8 34. Rhf4 Qc5+ 35. Kh1 Qxg5 36. Qxg5+ Rxg5 37. Rb1 b6 38. Rf3 Rc5 39. Bh3 Bxh3 40. Rxh3 Rxc2 41. Rf1 Re2 42. Rhf3 Ke8 43. Rf4 Re7 44. Rf6 R2xe4 45. Rxd6 R4e5 46. Rfd1 f5 47. R6d5 Kf7 48. Kg2 Kf6 49. h4 Re2+ 50. Kf3 R2e3+ 51. Kf2 R3e4 52. Rd6+ R4e6 53. Kf3 Rxd6 54. Rxd6+ Ke5 55. Rd1 Rc7 56. Re1+ Kf6 57. Ra1 Rc3+ 58. Kg2 Rc7 59. Kf3 Rh7 60. Kg3 Ke5 61. Rh1 Ke4 62. Re1+ Kd5 63. Rf1 Rh5 64. Rc1 Kd4 65. Rc7 Kd3 66. Rg7 f4+ 67. Kg4 Rxb5 68. Rxa7 Rb4 69. h5 Ke3 70. Re7+ Kf2 71. h6 f3+ 72. Kg5 Kg3 73. Re3 Rg4+ 74. Kh5 Rg8 75. Rb3 Rb8 76. h7 Rh8 77. Kh6 Rb8 78. Kg7 Rb7+ 79. Kg8 Kg2 80. Rb5 Rxh7 81. Kxh7 f2 82. Rg5+ Kf3 83. Rf5+ Ke2 84. Re5+ Kd3 85. Rf5 Ke3 86. Kg6 b5 87. Re5+ Kd2 88. Rf5 Ke3 1/2-1/2

[Event "Neuquen Las Balsas op"]
[Site "Neuquen"]
[Date "2022.06.18"]
[Round "4"]
[White "Flores, Diego"]
[Black "Barriga Silva, Felipe"]
[Result "1-0"]
[WhiteElo "2526"]
[BlackElo "2178"]
[PlyCount "63"]
[EventDate "2022.06.17"]
[EventType "swiss"]
[EventRounds "7"]
[EventCountry "ARG"]
[SourceTitle "CBM 208 Extra"]
[Source "ChessBase"]
[SourceDate "2022.07.31"]
[SourceVersion "1"]
[SourceVersionDate "2022.07.31"]
[SourceQuality "1"]

1. c4 e5 2. Nc3 Nc6 3. g3 g6 4. Bg2 Bg7 5. d3 d6 6. e4 Be6 7. Nge2 Qd7 8. h4 h6 9. Rb1 Nge7 10. Nd5 Nd8 11. d4 c6 12. Ne3 Qc7 13. d5 Bd7 14. h5 c5 15. Nc3 a6 16. Bh3 b6 17. a3 Nb7 18. hxg6 fxg6 19. Be6 0-0-0 20. Qa4 a5 21. Qb5 Kb8 22. Bxd7 Rxd7 23. Na4 Ka7 24. b4 Rdd8 25. Bd2 Nc8 26. bxa5 bxa5 27. 0-0 h5 28. Qc6 Rd7 29. Nc3 Ka8 30. Nb5 Qd8 31. Bxa5 Qe7 32. Nc7+ 1-0

[Event "CHI-ch"]
[Site "Las Condes"]
[Date "2022.02.23"]
[Round "7"]
[White "Bahamondes Ortiz, Benjamin"]
[Black "Barriga Silva, Felipe"]
[Result "1/2-1/2"]
[WhiteElo "2164"]
[BlackElo "2162"]
[PlyCount "161"]
[EventDate "2022.02.18"]
[EventType "tourn"]
[EventRounds "11"]
[EventCountry "CHI"]
[SourceTitle "CBM 207 Extra"]
[Source "ChessBase"]
[SourceDate "2022.05.31"]
[SourceVersion "1"]
[SourceVersionDate "2022.05.31"]
[SourceQuality "1"]

1. d4 Nf6 2. c4 e6 3. Nf3 Bb4+ 4. Nc3 c5 5. e3 0-0 6. Bd3 d5 7. a3 Bxc3+ 8. bxc3 Nc6 9. 0-0 Re8 10. Qc2 Qe7 11. Ne5 dxc4 12. Nxc6 bxc6 13. Bxc4 e5 14. a4 Be6 15. Bxe6 Qxe6 16. Ba3 c4 17. Rab1 Rab8 18. Bc5 a5 19. Bb6 exd4 20. cxd4 Qe4 21. Qxe4 Nxe4 22. Bxa5 Ra8 23. f3 Nf6 24. Bd2 Rxa4 25. e4 h6 26. Rfc1 Ra2 27. Be1 Nh5 28. Bg3 Rd2 29. Rxc4 Nxg3 30. hxg3 Ra8 31. Kh2 Raa2 32. Rg1 h5 33. Kh3 g6 34. g4 hxg4+ 35. Kxg4 Ra3 36. Kf4 Rad3 37. Ke5 Kg7 38. Rb1 Rxg2 39. Rxc6 Rxf3 40. d5 Rd2 41. d6 Rf6 42. Rbb6 Rd3 43. Rb8 Re6+ 44. Kf4 Rd4 45. d7 Rxc6 46. d8Q Rxd8 47. Rxd8 Rf6+ 48. Kg4 Rf1 49. Rd6 Kh6 50. Rd8 Rg1+ 51. Kf3 Kg5 52. Rd7 Ra1 53. Rd5+ Kf6 54. Rd6+ Ke5 55. Rd5+ Ke6 56. Rb5 Rf1+ 57. Ke2 Rf6 58. Ke3 Ke7 59. Rb8 Rf1 60. Ke2 Rf4 61. Ke3 g5 62. Rg8 Kf6 63. Rb8 Kg7 64. Rb5 Kg6 65. Rb6+ Rf6 66. Rb8 Kh5 67. Rh8+ Kg4 68. Rh7 Kg3 69. Rg7 g4 70. e5 Rf1 71. Ke4 f5+ 72. Kd5 f4 73. Ke4 Kh3 74. Kf5 g3 75. e6 g2 76. e7 Re1 77. Kxf4 Rf1+ 78. Ke5 Re1+ 79. Kd6 Re3 80. Kd7 Kh2 81. Rxg2+ 1/2-1/2

[Event "CHI-ch sf"]
[Site "Santiago de Chile"]
[Date "2018.12.08"]
[Round "3.2"]
[White "Barriga Silva, Felipe"]
[Black "Salas Arros, Cristian Eduardo"]
[Result "1/2-1/2"]
[WhiteElo "2105"]
[BlackElo "2375"]
[PlyCount "79"]
[EventDate "2018.12.07"]
[EventType "swiss"]
[EventRounds "8"]
[EventCountry "CHI"]
[SourceTitle "EXT 2024"]
[Source "ChessBase"]
[SourceDate "2023.10.10"]
[SourceVersion "1"]
[SourceVersionDate "2023.10.10"]
[SourceQuality "1"]

1. e4 c5 2. Nc3 Nc6 3. g3 g6 4. d3 Bg7 5. Be3 d6 6. Bg2 Rb8 7. a4 h5 8. h3 Bd7 9. Nge2 Nd4 10. Qd2 Qa5 11. Rc1 a6 12. b3 b5 13. axb5 axb5 14. Nd1 Qxd2+ 15. Bxd2 e6 16. Nxd4 Bxd4 17. Bc3 Bxc3+ 18. Nxc3 b4 19. Ne2 e5 20. Kd2 h4 21. f4 hxg3 22. fxe5 dxe5 23. h4 Ne7 24. Nxg3 Nc6 25. Ra1 Ke7 26. Bf3 Nd4 27. Bd1 Ra8 28. Rxa8 Rxa8 29. h5 gxh5 30. Rxh5 Kd6 31. Rh6+ Kc7 32. Rf6 Rg8 33. Nf1 Rg2+ 34. Kc1 Be6 35. Ne3 Rg1 36. Kd2 Kd7 37. Rf2 Ke7 38. Rg2 Rxg2+ 39. Nxg2 f5 40. exf5 1/2-1/2

[Event "Temuco Dalai Larama Cup 1st"]
[Site "Temuco"]
[Date "2018.05.20"]
[Round "6.3"]
[White "Barriga Silva, Felipe"]
[Black "Vargas Maliqueo, Ivan Patricio"]
[Result "1/2-1/2"]
[WhiteElo "2087"]
[BlackElo "2108"]
[PlyCount "90"]
[EventDate "2018.05.18"]
[EventType "tourn"]
[EventRounds "10"]
[EventCountry "CHI"]
[SourceTitle "EXT 2024"]
[Source "ChessBase"]
[SourceDate "2023.10.10"]
[SourceVersion "1"]
[SourceVersionDate "2023.10.10"]
[SourceQuality "1"]

1. e4 c5 2. Nc3 Nc6 3. g3 g6 4. Bg2 Bg7 5. d3 d6 6. Be3 Nf6 7. Nge2 Ng4 8. Bd2 c4 9. 0-0 cxd3 10. cxd3 0-0 11. h3 Nge5 12. d4 Nc4 13. Bc1 Qa5 14. Qd3 b5 15. b3 Nb4 16. Qb1 Na3 17. Bxa3 Qxa3 18. Qc1 Qxc1 19. Raxc1 Bd7 20. a3 Nc6 21. Nxb5 a6 22. Nc7 Ra7 23. Nd5 e6 24. Nb6 Nxd4 25. Nxd4 Bxd4 26. Nxd7 Rxd7 27. Rc4 Bb2 28. Rb1 Bxa3 29. b4 Rb8 30. Rb3 d5 31. exd5 exd5 32. Rc6 Bxb4 33. Rxa6 d4 34. Bf1 Rdb7 35. Bg2 Rd7 36. Bf1 Rbb7 37. Bg2 Rb8 38. Bf1 Kg7 39. Rc6 Rdb7 40. Bg2 Rb6 41. Kf1 Rb5 42. Rf3 Re8 43. Kg1 Re1+ 44. Kh2 Be7 45. Rd3 Bf6 1/2-1/2

[Event "Freire Verano U2200 op"]
[Site "Freire"]
[Date "2018.02.25"]
[Round "5.1"]
[White "Barriga Silva, Felipe"]
[Black "Navarrete Sandoval, Francisco Javier"]
[Result "1-0"]
[WhiteElo "2080"]
[BlackElo "1893"]
[PlyCount "85"]
[EventDate "2018.02.24"]
[EventType "swiss"]
[EventRounds "6"]
[EventCountry "CHI"]
[SourceTitle "EXT 2024"]
[Source "ChessBase"]
[SourceDate "2023.10.10"]
[SourceVersion "1"]
[SourceVersionDate "2023.10.10"]
[SourceQuality "1"]

1. e4 c5 2. Nc3 d6 3. g3 Nc6 4. Bg2 g6 5. d3 Bg7 6. Be3 e6 7. Qd2 Rb8 8. a4 a6 9. Nge2 Nd4 10. 0-0 b5 11. axb5 axb5 12. f4 Ne7 13. Nd1 0-0 14. Nc1 b4 15. h3 Qb6 16. Bf2 Bb7 17. Ne3 d5 18. e5 f5 19. c3 bxc3 20. bxc3 Ndc6 21. Qc2 g5 22. Rb1 Qc7 23. Nb3 gxf4 24. gxf4 Na5 25. Nxc5 Qxc5 26. Nxf5 Qc7 27. Bb6 Qd7 28. Nxg7 Nac6 29. Nh5 Nf5 30. Bf2 Kh8 31. Nf6 Qg7 32. Kh2 d4 33. Be4 Qh6 34. Bxf5 exf5 35. Bg3 Ba8 36. c4 Rg8 37. Rxb8 Rxb8 38. Rb1 Qf8 39. Nd7 Rxb1 40. Nxf8 Rh1+ 41. Kxh1 Nb4+ 42. Qg2 Bxg2+ 43. Kxg2 1-0

[Event "Freire Verano U2200 op"]
[Site "Freire"]
[Date "2018.02.25"]
[Round "4.1"]
[White "Palma Neira, Eliseo Maximiliano"]
[Black "Barriga Silva, Felipe"]
[Result "0-1"]
[WhiteElo "1950"]
[BlackElo "2080"]
[PlyCount "102"]
[EventDate "2018.02.24"]
[EventType "swiss"]
[EventRounds "6"]
[EventCountry "CHI"]
[SourceTitle "EXT 2024"]
[Source "ChessBase"]
[SourceDate "2023.10.10"]
[SourceVersion "1"]
[SourceVersionDate "2023.10.10"]
[SourceQuality "1"]

1. d4 Nf6 2. c4 e6 3. Nc3 Bb4 4. e3 c5 5. Bd3 Bxc3+ 6. bxc3 d6 7. Nf3 Nc6 8. 0-0 e5 9. d5 Ne7 10. e4 h6 11. Nh4 g5 12. Nf5 Bxf5 13. exf5 Qd7 14. Qc2 0-0-0 15. f3 Rdg8 16. g4 Kb8 17. Be3 h5 18. h3 hxg4 19. hxg4 Rh4 20. Kg2 Ng6 21. Rh1 Nf4+ 22. Bxf4 Rxh1 23. Rxh1 gxf4 24. Rh6 Qd8 25. Kf1 Rg7 26. Qh2 Ng8 27. Rh7 Qf8 28. Qh4 f6 29. Rh5 Qe7 30. Bc2 Qd8 31. Rh7 Qe7 32. Rxg7 Qxg7 33. Qh5 Ne7 34. Qe8+ Nc8 35. Ba4 Kc7 36. Qg6 Qh8 37. Qf7+ Kb8 38. Qh5 Qd8 39. Qe8 Qxe8 40. Bxe8 Kc7 41. Ke2 Nb6 42. Kd3 Kd8 43. Bf7 Ke7 44. Be6 Na4 45. Bc8 Nb2+ 46. Ke2 Kf7 47. Bxb7 Kg7 48. Bc6 Kh6 49. Be8 Kg5 50. Kd2 e4 51. fxe4 Kxg4 0-1

[Event "Freire Verano U2200 op"]
[Site "Freire"]
[Date "2018.02.24"]
[Round "3.2"]
[White "Barriga Silva, Felipe"]
[Black "Rojas Calfunao, Jose Ignacio"]
[Result "1-0"]
[WhiteElo "2080"]
[BlackElo "1366"]
[PlyCount "60"]
[EventDate "2018.02.24"]
[EventType "swiss"]
[EventRounds "6"]
[EventCountry "CHI"]
[SourceTitle "EXT 2024"]
[Source "ChessBase"]
[SourceDate "2023.10.10"]
[SourceVersion "1"]
[SourceVersionDate "2023.10.10"]
[SourceQuality "1"]

1. e4 e5 2. Nf3 Nc6 3. Bb5 a6 4. Ba4 Nf6 5. 0-0 Be7 6. Re1 b5 7. Bb3 d6 8. c3 0-0 9. h3 Nb8 10. a4 Bb7 11. d3 Nbd7 12. Bc2 c5 13. Nbd2 Re8 14. Nf1 Bf8 15. Ng3 g6 16. d4 Qc7 17. d5 c4 18. Be3 Nc5 19. Qd2 Bg7 20. Bh6 Bh8 21. Be3 Reb8 22. axb5 axb5 23. Nh2 Bc8 24. f4 Ne8 25. Nf3 Na4 26. Rab1 Bd7 27. fxe5 dxe5 28. Rf1 Nd6 29. Kh1 Nc5 30. Qf2 Be8 1-0

[Event "Temuco Universidad de La Frontera"]
[Site "Temuco"]
[Date "2017.07.19"]
[Round "3"]
[White "Barriga Silva, Felipe"]
[Black "Navarrete Sandoval, Francisco Javier"]
[Result "0-1"]
[WhiteElo "2039"]
[BlackElo "1892"]
[PlyCount "82"]
[EventDate "2017.07.19"]
[EventType "tourn"]
[EventRounds "9"]
[EventCountry "CHI"]
[SourceTitle "EXT 2018"]
[Source "ChessBase"]
[SourceDate "2017.10.13"]
[SourceVersion "1"]
[SourceVersionDate "2017.10.13"]
[SourceQuality "1"]

1. e4 c5 2. Nf3 d6 3. d4 cxd4 4. Nxd4 Nf6 5. Nc3 Nc6 6. Be2 e5 7. Nb3 Be7 8. 0-0 0-0 9. Be3 a5 10. f4 a4 11. fxe5 dxe5 12. Nc5 Qb6 13. Rxf6 Bxc5 14. Bxc5 Qxc5+ 15. Rf2 a3 16. Qc1 Be6 17. Nb5 Nd4 18. Nxd4 Qxd4 19. bxa3 f5 20. Qd1 Qc5 21. exf5 Rxf5 22. Bf3 e4 23. Qe2 e3 24. Rff1 Bc4 25. Qe1 Bxf1 26. Qxf1 Rd8 27. Kh1 Qxc2 28. Re1 Re5 29. Be2 Rf5 30. Qg1 Rd2 31. Bd1 Qe4 32. Bb3+ Kh8 33. Rc1 g6 34. Rc8+ Kg7 35. Rc7+ Kf6 36. Rxh7 Rb2 37. Rf7+ Kg5 38. Rh7 Rb1 39. Bd1 e2 40. h4+ Qxh4+ 41. Rxh4 exd1Q 0-1

[Event "Temuco Universidad de La Frontera"]
[Site "Temuco"]
[Date "2017.07.19"]
[Round "1"]
[White "Perez Gonzalez, Felipe Ignacio"]
[Black "Barriga Silva, Felipe"]
[Result "0-1"]
[WhiteElo "1804"]
[BlackElo "2039"]
[PlyCount "42"]
[EventDate "2017.07.19"]
[EventType "tourn"]
[EventRounds "9"]
[EventCountry "CHI"]
[SourceTitle "EXT 2018"]
[Source "ChessBase"]
[SourceDate "2017.10.13"]
[SourceVersion "1"]
[SourceVersionDate "2017.10.13"]
[SourceQuality "1"]

1. e4 c5 2. Nf3 d6 3. d4 cxd4 4. Nxd4 Nf6 5. Nc3 g6 6. Be3 Bg7 7. f3 0-0 8. Qd2 Nc6 9. Bc4 Bd7 10. 0-0-0 Ne5 11. Bb3 Rc8 12. h4 h5 13. Bg5 Rc5 14. Nd5 Nxd5 15. exd5 a5 16. a3 Qb6 17. Qe2 Rfc8 18. Be3 a4 19. Ba2 Nc4 20. c3 Nxb2 21. Nf5 Rxc3+ 0-1